Grooming (Registro nro. 12777)

Detalles MARC
000 -Cabecera
Campo de control de longitud fija 00900nam a22003497a 4500
005 - Fecha y hora de la última transacción
Campo de control 20260317164427.0
008 - Elementos de longitud fija--Información general
Campo de control de longitud fija 200917b2019 xxu||||| |||| 00| 0 spa d
020 ## - International Standard Book Number
Número Internacional Estándar del Libro (ISBN) 9789962721161
041 ## - Idioma
Código de idioma Español
082 ## - Clasificación Decimal Dewey
Número de clasificación 364.155.54 AG283g
100 ## - Entrada principal--Autor personal
Nombre personal Aguilar Villarreal, Diego
9 (RLIN) 58874
100 ## - Entrada principal--Autor personal
Nombre personal De la Cruz Santos, Guadalupe Monserrath
9 (RLIN) 58900
245 ## - Título propiamente dicho
Título Grooming
260 ## - Pie de imprenta
Lugar de publicación, distribución, etc. México
260 ## - Pie de imprenta
Nombre del editor, distribuidor, etc. Seguridad y Defensa
260 ## - Pie de imprenta
Fecha de publicación, distribución, etc. 2019
300 ## - Descripción física
Extensión 95 páginas
490 ## - Serie
Título de la Serie Investigación Criminal
650 ## - Materia general
Temática (materia general) ABUSO INFANTIL
650 ## - Materia general
Temática (materia general) GROOMING
650 ## - Materia general
Temática (materia general) INVESTIGACIÓN CRIMINAL
650 ## - Materia general
Temática (materia general) GROOMING
650 ## - Materia general
Temática (materia general) CIBERESPACIO
650 ## - Materia general
Temática (materia general) PLATAFORMAS DIGITALES
650 ## - Materia general
Temática (materia general) FACEBOOK
650 ## - Materia general
Temática (materia general) TWITTER
650 ## - Materia general
Temática (materia general) CIBERPORNOGRAFÍA INFANTIL
650 ## - Materia general
Temática (materia general) ACOSO INFANTIL
650 ## - Materia general
Temática (materia general) CONSECUENCIAS
650 ## - Materia general
Temática (materia general) PREVENCIÓN
942 ## - Punto de acceso adicional KOHA
Tipo de ítem KOHA Libro
Fuente del sistema de clasificación o colocación Dewey Decimal Classification
Existencias
Signatura completa Código de barras Programa Académico Tipo de ítem
364.155.54 AG283g 25018 Investigación Criminal Libro